000
00333nam a2200157Ia 4500
008
210310s9999 xx 000 0 und d
020
_a
#N/A
100
_a
Salvador Oria
_9
28934
245
0
_a
Finanzas
260
_c
1948
300
_b
#N/A
440
_a
#N/A
_9
28935
500
_a
#N/A
505
_a
#N/A
650
_a
#N/A
_9
28936
999
_c
12685
_d
12685